[Event "Avoine op 21th"]
[Site "Avoine"]
[Date "2006.07.29"]
[Round "8"]
[White "Trens, Yohan"]
[Black "Vidal, Etienne"]
[Result "1-0"]
[WhiteElo "2021"]
[BlackElo "1710"]
[PlyCount "57"]
[EventDate "2006.07.22"]
[EventType "swiss"]
[EventRounds "9"]
[EventCountry "FRA"]
[SourceTitle "EXT 2007"]
[Source "ChessBase"]
[SourceDate "2006.11.23"]
[SourceVersion "1"]
[SourceVersionDate "2006.11.23"]
[SourceQuality "1"]

1. e4 e6 2. d4 d5 3. Nc3 dxe4 4. Nxe4 Bd7 5. Nf3 Bc6 6. Bd3 Nf6 7. Ng3 Nbd7 8. 0-0 Be7 9. c4 0-0 10. Ne5 Nxe5 11. dxe5 Nd7 12. Qh5 g6 13. Qh6 Nxe5 14. Nh5 Bf6 15. Bg5 Ng4 16. Nxf6+ Qxf6 17. Qh4 Qd4 18. Be2 f5 19. h3 Qe5 20. Bxg4 fxg4 21. Qxg4 Qf5 22. Rae1 Qxg4 23. hxg4 Bd7 24. Rd1 Rf7 25. Rd4 e5 26. Re4 Be6 27. b3 Rd7 28. f3 Rd2 29. Bxd2 1-0